000 00521nam a2200193Ia 4500
003 OSt
005 20230408114622.0
008 210210b1984 xxu||||| |||| 00| 0 eng d
040 _cAL
041 _aEnglish
082 _a891.461 NAYK
100 _aNAYAK (Pratap), Ed.
_984996
245 _aKanadi mati konkani kavi.
_bಕಾನಡಿ ಮಾತಿ ಕೊಂಕಣಿ ಕವಿ
260 _aPune
_bMarg Prakashan
_c1984
300 _a12,220
690 _aKonkani Poetry
_984997
906 _a050071
942 _2ddc
_cBK
999 _c98911
_d98911